| 000 | nam a22 7a 4500 | ||
|---|---|---|---|
| 999 |
_c129599 _d129599 |
||
| 008 | 190513b xxu||||| |||| 00| 0 eng d | ||
| 020 | _a9781788120241 | ||
| 050 | _aBX3756.I32 G874 | ||
| 100 |
_aGrogan, Brian _914095 |
||
| 245 |
_aPedro Arrupe SJ _bmystic with open eyes _cBrian Grogan |
||
| 260 |
_aDublin _bMessenger Publications _c2018 |
||
| 300 |
_a56p. ; _c18cm. |
||
| 600 |
_aIgnatius, St. _938485 |
||
| 942 |
_2lcc _cMONOGRAPH |
||